Estadísticas para Capitales de Regiones de Italia

Haz click aquí para tomar la prueba!

Estadísticas generales

  • Esta prueba ha sido tomada 1.661 veces
  • La puntuación promedio es 12 de 20

Respuestas en el mapa

Las respuestas están codificadas por una escala verde-roja en el mapa de la prueba según el % correcto abajo.
Cargando...
 

Estadísticas de respuestas

RegiónPoblaciónCapital% Correcto
Lacio2,638,842Roma
99%
Lombardía1,202,101Milán
97%
Veneto259,263Venecia
94%
Campania959,052Nápoles
93%
Toscana366,039Florencia
89%
Piamonte872,091Turín
86%
Sicilia654,987Palermo
83%
Liguria582,320Génova
76%
Emilia-Romaña380,635Bolonia
65%
Apulia313,213Bari
63%
Cerdeña149,575Cagliari
61%
Friuli-Venecia Julia201,148Trieste
55%
Trentino-Alto Adigio115,540Trento
41%
Valle de Aosta34,657Aosta
40%
Marcas100,343Ancona
25%
Abruzos68,304L'Aquila
25%
Calabria89,062Catanzaro
23%
Basilicata66,405Potenza
19%
Molise48,487Campobasso
17%
Umbría162,986Perusa
14%

Distribución de puntuación

Porcentaje por número respondido

Porcentaje de gente con cada puntuación

Historial de tus puntuaciones

No has tomado esta prueba